Bài tập thực hành động từ nhiều thành tố = Phrasal verbs ( Workbook )
Guardat en:
| Autor principal: | |
|---|---|
| Format: | Llibre |
| Idioma: | Undetermined |
| Publicat: |
Tp. HCM
Tp. HCM
2002
|
| Matèries: | |
| Etiquetes: |
Afegir etiqueta
Sense etiquetes, Sigues el primer a etiquetar aquest registre!
|
| Thư viện lưu trữ: | Trung tâm Học liệu Trường Đại học Cần Thơ |
|---|
| LEADER | 00608nam a2200205Ia 4500 | ||
|---|---|---|---|
| 001 | CTU_54699 | ||
| 008 | 210402s9999 xx 000 0 und d | ||
| 020 | |b 26000 | ||
| 082 | |a 428.2 | ||
| 082 | |b G646 | ||
| 100 | |a Malcolm Goodale | ||
| 245 | 0 | |a Bài tập thực hành động từ nhiều thành tố | |
| 245 | 0 | |b = Phrasal verbs ( Workbook ) | |
| 245 | 0 | |c Malcolm Goodale; Lê Huy Lâm biên dịch | |
| 260 | |a Tp. HCM | ||
| 260 | |b Tp. HCM | ||
| 260 | |c 2002 | ||
| 650 | |a english language | ||
| 650 | |x phrasal verbs | ||
| 980 | |a Trung tâm Học liệu Trường Đại học Cần Thơ | ||